000 03593nam a22004694i 4500
999 _c64160
_d64160
001 16192974
003 CO-MdFUSB
005 20180119082730.0
008 100419t2010 enk g b 001 0 eng
010 _a 2010016793
020 _a9780521885386
020 _a0521885388
020 _a9780521712514 (pbk.)
020 _a0521712513 (pbk.)
040 _aDLC
_cCO-MdFUSB
_dCO-MdFUSB
_dERASA
_dBWK
_dIOG
_dYDXCP
_dC#P
_dBWX
_dCDX
_dYAM
_dNNG
_dPUL
_dCOO
_dDLC
_bspa
_erda
041 _aeng
042 _apcc
082 0 0 _224
_aG 215
_bC178c
245 0 4 _aThe Cambridge companion to science and religion
_c/ editado por Peter Harrison
_b:
264 1 _aCambridge :
_bCambridge University Press,
_c℗2010.
264 4 _c©2010
300 _axi, 307 páginas ;
_c23 cm.
_b:
336 _2rdacontent
_atexto
_btxt
337 _2rdamedia
_asin mediación
_bn
338 _2rdacarrier
_avolumen
_bnc
490 1 _aCambridge companions to religion
501 _aIncluye índice (p. 303- 307)
504 _aBibliografía (p. 296- 302)
505 0 _aInteracciones históricas. El destino de la ciencia en la cristiandad patrística y medieval / David C. Lindberg -- La religión y la revolución científica / John Henry -- Teología natural y las ciencias / Jonathan R. Topham -- Reacciones religiosas a Darwin / Jon H. Roberts -- Ciencia y secularización / John Hedley Brooke -- Religión y ciencia contemporánea. Creacionismo científico y diseño inteligente / Ronald L. Numbers -- Evolución e inevitabilidad de la vida inteligente / Simon Conway Morris -- Dios, la física y el Big Bang / William R. Stoeger -- Psicología y teología / Fraser Watts -- Ciencia, bioética y religión / John H. Evans -- Perspectivas filosóficas. Ateísmo, naturalismo y ciencia: ¿tres en uno? / Michael Ruse -- Acción divina, emergencia y explicación científica / Nancey Murphy -- Ciencia, Dios y propósito cósmico / John Haught -- Formas de relacionar ciencia y religión / Mikael Stenmark.
520 _a"In recent years, the relations between science and religion have been the object of renewed attention. Developments in physics, biology and the neurosciences have reinvigorated discussions about the nature of life and ultimate reality. At the same time, the growth of anti-evolutionary and intelligent design movements has led many to the view that science and religion are necessarily in conflict. This book provides a comprehensive introduction to the relations between science and religion, with contributions from historians, philosophers, scientists and theologians. It explores the impact of religion on the origins and development of science, religious reactions to Darwinism, and the link between science and secularization. It also offers in-depth discussions of contemporary issues, with perspectives from cosmology, evolutionary biology, psychology, and bioethics. The volume is rounded out with philosophical reflections on the connections between atheism and science, the nature of scientific and religious knowledge, and divine action and human freedom"--
_cProvided by publisher.
650 7 _aReligión y ciencia
_9259
700 1 _aHarrison, Peter,
_d1955-
830 0 _aCambridge companions to religion.
906 _a7
_bcbc
_corignew
_d1
_eecip
_f20
_gy-gencatlg
942 _cBK